000 00647nam a2200229Ia 4500
003 OSt
005 20220923211627.0
006 a|||||r|||| 00| 0
007 ta
008 220922b |||||||| |||| 00| 0 hin d
024 _a26,166
037 _cTextual
040 _aARTS
_cARTS
_bhin
041 _2hin
_ahin
082 _aQ12:417, 15K0
100 _aशर्मा, श्रीराम, सम्पा
_9157799
245 0 _aयजुर्वेद
246 _aYajurveda
260 _c1960
942 _hQ12:417, 15K0
_cTEXL
_2CC
999 _c301663
_d301663